000 00775nam a22002057a 4500
003 JO-AjAnu
005 20251021103403.0
008 251018b jo ||||| |||| 00| 0 ara d
040 _aJO-AjAnu
_bara
_cJO-AjAnu
_dJO-AjAnu
_erda
041 _aara
_hara
050 _aDS154.9.
_bK35.H3296 2021
100 1 _aالحباشنة، يوسف
_eمؤلف
_966877
245 0 _aالكرك : بانوراما الزمن الاخير /
_cتاليف يوسف الحباشنة
260 _aعمان :
_bوزارة الثقافة،
_c2021
300 _a282 صفحة
490 _aسلسلة مكتبة الاسرة-تراث ودراسات اردنية 837
504 _aيحتوي غلى فهرس مراجع
650 7 0 _aالكرك-الاردن-تاريخ
_966878
942 _2lcc
_cBK
_n0
999 _c34124
_d34124